000 00568cam a2200205 a 4500
001 4278489
005 20180202092552.0
008 850823s1986 njua 001 0 eng
010 _a 85020493
020 _a0137248571
040 _aDLC
_cDLC
_dDLC
041 _aeng
080 _a658.5 ADA
082 0 0 _a658.5 ADA
_219
100 1 _a54
101 _aMEN
245 1 0 _aProduction and operations management :
_cEverett E. Adam, Jr., Ronald J. Ebert.
906 _a7
_bcbc
_corignew
_d1
_eocip
_f19
_gy-gencatlg
942 _2ddc
_cBK
999 _c41701
_d41701